01766cam a2200421 a 4500999001500000001000900015003000500024005001700029008004100046010001700087015001900104016001800123020004000141020003700181020004000218020003700258035002400295040005600319042001400375050002300389082002000412100002200432245012800454260013200582300003400714504006400748650003600812650003400848650003300882650005300915650004200968651004901010651004301059856007501102906004501177942001201222952011001234 c3897d389715637273Nust20180117090019.0090225s2008 enka b 001 0 eng  a 2009275468 aGBA8A15072bnb7 a0146979002Uk a9781847012029 (hbk. : James Currey) a1847012027 (hbk. : James Currey) a9781869141646 (pbk. : KwaZuluNatal) a1869141644 (pbk. : KwaZuluNatal) a(OCoLC)ocn243545111 aUKMcUKMdBTCTAdBAKERdYDXCPdBWKUKdBWKdBWXdDLC alccopycat00aHN801.A8bR63 200804a303.48409682221 aRobins, Steven L.10aFrom revolution to rights in South Africa :bsocial movements, NGOs & popular politics after apartheid /cSteven L. Robins. aWoodbridge [England] ;aRochester, NY :bJames Currey ;aScottsville, South Africa :bUniversity of Kwazulu-Natal Press,c2008. axvi, 192 p. :bill. ;c25 cm. aIncludes bibliographical references (p. 175-185) and index. 0aSocial movementszSouth Africa. 0aGroup identityzSouth Africa. 0aCivil societyzSouth Africa. 0aAIDS (Disease)xPolitical aspectszSouth Africa. 0aCommunity organizationzSouth Africa. 0aSouth AfricaxPolitics and governmenty1994- 0aSouth AfricaxSocial conditionsy1994-423Book review (H-Net)uhttp://www.h-net.org/reviews/showrev.php?id=32880 a7bcbcccopycatd2encipf20gy-gencatlg 2ddccBK 00102ddc40708NFICaCLbCLcGENd2017-01-03l0o303.4840968 ROBpS3H-S-900r2017-01-03w2017-01-03yBK